000 01184nam a22002177a 4500
999 _c58943
_d58943
003 Ge_BSU
005 20221021145814.0
008 221021s1996 ge ||||| |||| 00| 0 geo d
020 _a5511006807
041 _ageo
080 _a2(100) + 21/29 ნ-16
100 _aნადირაძე, ელდარ
_915454
245 _aმსოფლიოს რელიგიები /
_cელდარ ნადირაძე; [რედ.: ვ. შამილაძე] ; თსუ, ეთნიკური კულტ. და ეროვნ. ტრადიციების შემსწ. ლაბორატორია.
264 _aთბ. :
_bთბილ. უნ-ტის გამ-ბა,
_c1996.
300 _a248გვ. ;
_b20სმ.
504 _aბიბლიოგრ.: გვ. 244.
653 _aმსოფლიოს ხალხთა რელიგიები
700 _aშამილაძე, ვ.
_eრედაქტორი
_93471
700 _aთსუ
_eეთნიკური კულტ. და ეროვნ. ტრადიციების შემსწ. ლაბორატორია.
_9125
942 _2udc
_cBK